000 00525nam a22001817a 4500
005 20251108165259.0
008 250721s1988 xx 000 0 ara d
082 1 4 _a956.5/بدر
100 1 _aبدران، إبراهيم
245 1 0 _aالأردن و الوسطية /
264 1 _aعمان :
_bوزارة الشباب،
_c1988.
300 _a108ص
490 0 _aالتثقيف الشبابي ؛6
650 1 7 _aتاريخ الأردن
650 1 7 _aالتاريخ السياسي
942 _2ddc
_cBK
999 _c24014
_d24014